| 000 | 00510nam a22001817a 4500 | ||
|---|---|---|---|
| 003 | OSt | ||
| 005 | 20260105111054.0 | ||
| 008 | 251113b |||||||| |||| 00| 0 eng d | ||
| 020 | _a9788119482726 | ||
| 082 |
_a030 _bASTU |
||
| 100 | _aAsthana, N.C. | ||
| 245 | _aUltimate Encyclopaedia of Indian Knowledge Systems : Vol-1 : Philosophical Systems, Astronomy and Mathematics | ||
| 260 |
_aJaipur _bAavishkar Publishers |
||
| 300 | _a228p. | ||
| 546 | _aEnglish | ||
| 651 | _aEncyclopedia | ||
| 942 |
_2ddc _cBK |
||
| 999 |
_c3888 _d3888 |
||